| 000 | 01522naa a22003137a 4500 | ||
|---|---|---|---|
| 001 | BR8901629 | ||
| 003 | BR-BrBNA | ||
| 005 | 20240918180442.0 | ||
| 007 | ta | ||
| 008 | 230509b bl.||||| |||| 00| 0 por d | ||
| 040 |
_aBR-BrBNA _bpor _cBiblioteca Nacional de Agricultura |
||
| 041 | _a(Es) | ||
| 072 |
_aF30 _b1410 |
||
| 090 | _aF30 BR8901629 | ||
| 100 | 1 | _aSilva, R.M. | |
| 100 | 1 | _aLopez, S.S. | |
| 100 | 1 | _aRoldan, R.M. | |
| 111 | 1 |
_aSeminario Regional sobre Tecnicas Nucleares na Producao de Plantas Agricolas _cPiracicaba, SP (Brazil) _d19-23 Nov 1984 |
|
| 245 | 1 | _aEvaluacion de mutaciones inducidas por radiacion gamma (Co.60)em dos variedades de Phaseolus vulgaris L. [feijao] | |
| 260 | 3 |
_aPiracicaba, SP (Brasil): _c1984. |
|
| 500 | _aCerri, C.C.; Athie, D. (eds.) Proceedings of the Regional Workshop on Nuclear Techniques in Crop Production. - Anais do Seminario Regional sobre Tecnicas Nucleares na Producao de Plantas Agricolas Piracicaba, SP (Brasil): 1984. p. 27-31 (BR8901629-AM)F30 | ||
| 650 | _aFEIJAO | ||
| 650 | _aMUTACAO INDUZIDA | ||
| 650 | _aRADIACAO | ||
| 650 | _aRAIO GAMA | ||
| 773 | 0 |
_tProceedings of the Regional Workshop on Nuclear Techniques in Crop Production. - Anais do Seminario Regional sobre Tecnicas Nucleares na Producao de Plantas Agricolas _aCerri, C.C.; Athie, D. (eds.). Centro de Energia Nuclear na Agricultura, Piracicaba, SP (Brasil) _wF30 BR8901629 _gPiracicaba, SP (Brasil), 1984. p. 27-31 |
|
| 909 |
_a202404 _bLucia _c55 _dLucia Elande |
||
| 942 |
_cAM _2AGRIS |
||
| 999 |
_c320439 _d320439 |
||